Múa thiên cẩu

Tallennettuna:
Bibliografiset tiedot
Päätekijä: Trần Văn An
Muut tekijät: Trương Hoàng Vinh
Aineistotyyppi: Kirja
Kieli:Vietnamese
Julkaistu: H. Dân trí 2010
Aiheet:
Tagit: Lisää tagi
Ei tageja, Lisää ensimmäinen tagi!
Thư viện lưu trữ: Mạng thư viện Đại học Đà Nẵng
LEADER 01268aam a22003858a 4500
001 000007104
003 3265
005 20111014071000.0
008 110926s2010 viesd
020 |d 2000b 
041 0 |a vie 
082 1 4 |2 14  |a 398.20959752  |b TR-A 
100 0 |a Trần Văn An 
245 1 0 |a Múa thiên cẩu  |c Trần Văn An, Trương Hoàng Vinh 
260 |a H.  |b Dân trí  |c 2010 
300 |a 146tr.  |b ảnh, bảng  |c 21cm 
500 |a ĐTTS ghi: Hội Văn nghệ dân gian Việt Nam 
650 7 |2 Bộ TK TVQG  |a Văn hoá dân gian 
650 7 |2 Bộ TK TVQG  |a thiên cẩu 
651 7 |2 Bộ TK TVQG  |a Yên Lập 
651 7 |2 Bộ TK TVQG  |a Phú Thọ 
653 |a múa lân 
653 |a múa sư tử 
700 1 |a Trần Văn An 
700 1 |a Trương Hoàng Vinh 
OWN |a LSP 
AVA |a UDN50  |b LSP  |d 398.20959752 TR-A  |e available  |t Error 5001 Not defined in file expand_doc_bib_avail.  |f 1  |g 0  |h N  |i 0  |k 1 
999 |a From the UDN01 
AVA |a UDN50  |b LSP  |d 398.20959752 TR-A  |e available  |t Error 5001 Not defined in file expand_doc_bib_avail.  |f 1  |g 0  |h N  |i 0  |k 1 
TYP |a Monograph 
TYP |a Printed language 
980 |a Mạng thư viện Đại học Đà Nẵng